Á lódáil...
Charithrathinte paathayil /
| Príomhúdar: | |
|---|---|
| Formáid: | Printed Book |
| Teanga: | Malayalam |
| Foilsithe: |
1999.
|
| LEADER | 00461nam a2200133Ia 4500 | ||
|---|---|---|---|
| 008 | 150624b xxu||||| |||| 00| | mal d | ||
| 082 | |a 954.830924K1 | ||
| 100 | |a Kurup, K. K. N. | ||
| 245 | |c K. K. N. Kurup |a Charithrathinte paathayil / | ||
| 260 | |c 1999. | ||
| 546 | |a In Malayalam. | ||
| 942 | |c BK | ||
| 999 | |c 86698 |d 86698 | ||
| 952 | |0 0 |1 0 |4 0 |6 954_000000000000000_830924K1_CHA |7 0 |9 86642 |a UL |b UL |c ST1 |d 2012-10-27 |l 1 |o 954.830924K1 CHA |p G7922 |r 2015-06-04 |s 2015-06-02 |w 2012-10-27 |y BK | ||